| 000 | 00901cab a2200277 4500 | ||
|---|---|---|---|
| 001 | ABS46731 | ||
| 008 | 090401t1992 xxu||||| |||| 00| 0 eng d | ||
| 035 | _a(Sirsi) u59378 | ||
| 041 | _aeng | ||
| 100 | _aWalter, G. | ||
| 245 | _aTurnover rents: prospects and implications | ||
| 260 | _c1992 | ||
| 350 | _a0 | ||
| 490 |
_aCS Monthly : General Practice _v1(10) July 1992, 5-6(2) |
||
| 520 | _aExamines one question of turnover rents in retail property looking at the advantages and disadvantages from the landlord and tenant viewpoint. 14,1i | ||
| 650 | _aCAPITAL AND COUNTIES MODEL | ||
| 650 | _aINSTITUTIONAL LEASES | ||
| 650 | _aLANDLORD AND TENANT ACT 1954 | ||
| 650 | _aOPEN MARKET RENT | ||
| 650 | _aRETAIL PROPERTY | ||
| 650 | _aSHOPPING CENTRES | ||
| 650 | _aTURNOVER RENTS | ||
| 690 | _aPROPERTY-COMMERCIAL PROPERTY-RETAIL PROPERTY | ||
| 942 | _n0 | ||
| 948 | _c04/03/1997 | ||
| 999 |
_c36435 _d36435 |
||